Computational genetics and genomics : tools for understanding disease (Record no. 176029)

MARC details
000 -LEADER
fixed length control field 00449nam a2200145Ia 4500
008 - FIXED-LENGTH DATA ELEMENTS--GENERAL INFORMATION
fixed length control field 231217s9999 xx 000 0 und d
041 ## - LANGUAGE CODE
Language code of text/sound track or separate title English
082 ## - DEWEY DECIMAL CLASSIFICATION NUMBER
Classification number 575.1 PEL;1 R
100 ## - MAIN ENTRY--PERSONAL NAME
Personal name Peltz, Gary ed
245 #0 - TITLE STATEMENT
Title Computational genetics and genomics : tools for understanding disease
260 ## - PUBLICATION, DISTRIBUTION, ETC.
Date of publication, distribution, etc. 2005
Name of publisher, distributor, etc. Humana Press
Place of publication, distribution, etc. New Jersey
300 ## - PHYSICAL DESCRIPTION
Extent x+307
650 ## - SUBJECT ADDED ENTRY--TOPICAL TERM
Topical term or geographic name entry element Computational,genetics,genomics,:,tools,understanding,disease
942 ## - ADDED ENTRY ELEMENTS (KOHA)
Koha item type Books
Holdings
Date last seen Total checkouts Full call number Accession number Cost, total (INR) price Price effective from Category Lost status Damaged status Department Withdrawn status Home library Current library Shelving location Entry date Vendor Cost, normal purchase price Grants Billnumber Billdate Currency symbol Conversion rate Discount Old discount
26/01/2024   575.1 PEL;1 R 37570 4284.38 26/01/2024 Books     Central Library   Central Library Central Library Central Library 01/08/2005 Panima publ. 125.00 BT 1952 06/03/2007 USD 45.7 31.25 25

© For any Suggestions or Query, please contact the library staff @ librarian@pes.edu or Phone: +9180 2672 1983/ 2108.